[Event "Magnus Carlsen Inv KO"]
[Site "chess24.com INT"]
[Date "2021.03.16"]
[Round "1.12"]
[White "Aronian, Levon"]
[Black "Carlsen, Magnus"]
[Result "0-1"]
[WhiteTitle "GM"]
[BlackTitle "GM"]
[WhiteElo "2781"]
[BlackElo "2847"]
[WhiteFideId "13300474"]
[BlackFideId "1503014"]
[EventDate "2021.03.16"]

1. e4 e5 2. Nf3 Nc6 3. Bb5 a6 4. Ba4 Nf6 5. d3 Bc5 6. c3 d6 7. Bg5 Ba7 8. O-O h6
9. Bh4 g5 10. Bg3 h5 11. h4 Nh7 12. Kh1 g4 13. Nh2 Nf8 14. d4 Ng6 15. Bxc6+ bxc6
16. dxe5 dxe5 17. Nd2 Be6 18. Nb3 Qxd1 19. Rfxd1 Bb6 20. Nf1 Ke7 21. Ne3 a5 22.
Kg1 a4 23. Nc1 Bxe3 24. fxe3 Rhb8 25. Nd3 f6 26. Rd2 Nh8 27. Nb4 Rb6 28. Rf1 c5
29. Nd3 Rd8 30. Rfd1 Rbd6 31. Be1 g3 32. Nxc5 Bg4 33. Rxd6 cxd6 0-1

[Event "Magnus Carlsen Inv KO"]
[Site "chess24.com INT"]
[Date "2021.03.16"]
[Round "1.12"]
[White "Firouzja, Alireza"]
[Black "So, Wesley"]
[Result "0-1"]
[WhiteTitle "GM"]
[BlackTitle "GM"]
[WhiteElo "2759"]
[BlackElo "2770"]
[WhiteFideId "12573981"]
[BlackFideId "5202213"]
[EventDate "2021.03.16"]

1. e4 e5 2. Nf3 Nc6 3. Bc4 Bc5 4. c3 Nf6 5. d3 d6 6. O-O O-O 7. Re1 h6 8. h3 a5
9. Bb3 Be6 10. Ba4 Bb6 11. d4 Bd7 12. Be3 exd4 13. cxd4 Re8 14. d5 Ne5 15. Nxe5
Bxa4 16. Qxa4 Bxe3 17. Rxe3 Rxe5 18. Nd2 Qd7 19. Qc2 Rae8 20. Rae1 R5e7 21. Qc3
Qa4 22. f3 Qb4 23. Kf2 Qxc3 24. bxc3 a4 25. g4 Nd7 26. Rb1 Nc5 27. Nf1 c6 28. c4
Rc7 29. Ra3 g6 30. Ne3 Kg7 31. Ke2 Rh8 32. Rc3 h5 33. g5 h4 34. Rcc1 Rh5 35. Rg1
Rh8 36. Rb4 Rh5 37. Rg4 Rh8 38. Rg1 Rh5 39. Rb2 Rh8 40. Rd2 Rh5 41. Rd4 Rh8 42.
Rb1 Re7 43. Kf2 Rh5 44. Rg1 Re5 45. Ng4 Re7 46. Nf6 Rh8 47. dxc6 bxc6 48. Rxd6
Rb7 49. Ke3 Rb2 50. Rgd1 Rxa2 51. Rxc6 Ra3+ 52. Ke2 Ra2+ 53. Ke3 Ra3+ 54. Ke2
Ra2+ 55. Kf1 Nb3 56. Rcd6 a3 57. Rd8 Rxd8 58. Rxd8 Nd2+ 59. Ke2 Nxe4+ 60. Ke3
Nxf6 61. gxf6+ Kxf6 62. Ra8 Ra1 63. Ra6+ Kf5 64. Ra5+ Ke6 65. Ra6+ Kf5 66. Ra5+
Ke6 67. Ra6+ Kd7 68. Kf2 a2 69. Kg2 Kc7 70. c5 Kb7 71. Ra4 Kc6 72. Ra5 g5 73.
Kh2 Kd5 74. Kg2 f6 75. Kh2 Kc4 76. c6 Kb3 77. c7 Rc1 78. Ra7 Rc2+ 79. Kg1 Rxc7 0-1

[Event "Magnus Carlsen Inv KO"]
[Site "chess24.com INT"]
[Date "2021.03.16"]
[Round "1.12"]
[White "Vachier-Lagrave, Maxime"]
[Black "Giri, Anish"]
[Result "0-1"]
[WhiteTitle "GM"]
[BlackTitle "GM"]
[WhiteElo "2758"]
[BlackElo "2776"]
[WhiteFideId "623539"]
[BlackFideId "24116068"]
[EventDate "2021.03.16"]

1. e4 c5 2. Nf3 d6 3. Bb5+ Nd7 4. c4 Nf6 5. Nc3 e6 6. O-O Be7 7. d4 cxd4 8. Nxd4
O-O 9. Bxd7 Bxd7 10. Be3 a6 11. a4 Qa5 12. Rc1 Rfc8 13. b3 d5 14. e5 Ne8 15.
Nde2 Nc7 16. c5 Bxc5 17. Bxc5 Qxc5 18. Ne4 Qb6 19. Nd6 Rcb8 20. Nf4 Ne8 21. Nh5
Nxd6 22. exd6 f5 23. Rc3 Rf8 24. Qd2 Qxd6 25. Rfc1 Bc6 26. Rg3 Rf7 27. Rcc3 f4
28. Rg5 e5 29. Qe2 Re8 30. Rh3 h6 0-1

[Event "Magnus Carlsen Inv KO"]
[Site "chess24.com INT"]
[Date "2021.03.16"]
[Round "1.13"]
[White "Carlsen, Magnus"]
[Black "Aronian, Levon"]
[Result "1/2-1/2"]
[WhiteTitle "GM"]
[BlackTitle "GM"]
[WhiteElo "2847"]
[BlackElo "2781"]
[WhiteFideId "1503014"]
[BlackFideId "13300474"]
[EventDate "2021.03.16"]

1. e4 c5 2. Nf3 d6 3. Bb5+ Nd7 4. d4 cxd4 5. Qxd4 a6 6. Bxd7+ Bxd7 7. c4 e6 8.
Nc3 Bc6 9. O-O Be7 10. Rd1 Nf6 11. Qd3 O-O 12. Nd4 Qa5 13. Nxc6 bxc6 14. Bd2 Qh5
15. h3 Rfd8 16. Bf4 g5 17. Qg3 Ne8 18. Be3 c5 19. e5 dxe5 20. Rxd8 Rxd8 21. Qxe5
Qg6 22. Bxc5 Bf6 23. Qe2 Bxc3 24. bxc3 Qd3 25. Qxd3 Rxd3 26. Rb1 f6 27. Rb8 Kf7
28. Rb7+ Kg6 29. Bf8 Rd8 30. c5 Rc8 31. Rb6 Kf7 32. Bd6 Nxd6 33. cxd6 Rxc3 34.
Rxa6 Rc1+ 35. Kh2 e5 36. g4 Ke6 37. d7+ Kxd7 38. Rxf6 Rc2 39. Kg3 Rxa2 40. Rf5
Ra3+ 41. Kg2 Ke6 42. Rxg5 Ra7 43. Rf5 Rb7 44. Kg3 Rb3+ 45. Kg2 Rb7 46. Kg3 Rb3+
47. Kg2 Rb7 1/2-1/2

[Event "Magnus Carlsen Inv KO"]
[Site "chess24.com INT"]
[Date "2021.03.16"]
[Round "1.13"]
[White "Giri, Anish"]
[Black "Vachier-Lagrave, Maxime"]
[Result "1/2-1/2"]
[WhiteTitle "GM"]
[BlackTitle "GM"]
[WhiteElo "2776"]
[BlackElo "2758"]
[WhiteFideId "24116068"]
[BlackFideId "623539"]
[EventDate "2021.03.16"]

1. e4 c5 2. Nf3 d6 3. d4 cxd4 4. Nxd4 Nf6 5. Nc3 Nc6 6. Bg5 e6 7. Qd2 a6 8.
O-O-O Bd7 9. f3 Nxd4 10. Qxd4 Be7 11. Kb1 Qc7 12. Qd2 b5 13. h4 h6 14. Be3 h5
15. Bd3 b4 16. Ne2 e5 17. Bg5 a5 18. c3 Be6 19. Bb5+ Nd7 20. c4 f6 21. Be3 Kf7
22. f4 Kg8 23. Bxd7 Qxd7 24. fxe5 Bxc4 25. exd6 Qxd6 26. Qxd6 Bxd6 27. Rxd6 Bxe2
28. Re1 Bg4 29. e5 fxe5 30. Rd5 Kh7 31. Rxe5 a4 32. Bd2 b3 33. Bc3 Ra7 34. axb3
axb3 35. Re7 Rxe7 36. Rxe7 Rd8 37. Re1 Rd7 38. Kc1 Kg6 39. Bd2 Rc7+ 40. Bc3 Rd7
41. Bd2 Rc7+ 42. Bc3 Rd7 1/2-1/2

[Event "Magnus Carlsen Inv KO"]
[Site "chess24.com INT"]
[Date "2021.03.17"]
[Round "1.21"]
[White "Aronian, Levon"]
[Black "Carlsen, Magnus"]
[Result "0-1"]
[WhiteTitle "GM"]
[BlackTitle "GM"]
[WhiteElo "2781"]
[BlackElo "2847"]
[WhiteFideId "13300474"]
[BlackFideId "1503014"]
[EventDate "2021.03.16"]

1. e4 e5 2. Nf3 Nc6 3. Bb5 a6 4. Ba4 Nf6 5. O-O Bc5 6. c3 O-O 7. d4 Ba7 8. Bg5
exd4 9. e5 h6 10. Bh4 g5 11. Bxc6 dxc6 12. Nxg5 dxc3 13. Qxd8 Rxd8 14. Nxc3 Nd5
15. Nge4 Nxc3 16. bxc3 Rd3 17. Rad1 Rxd1 18. Rxd1 Be6 19. a3 f5 20. exf6 Re8 21.
h3 Bb3 22. f7+ Kxf7 23. Rd7+ Kg6 24. Nd2 Re1+ 25. Kh2 Be6 26. Rd8 Re2 27. Nf3
Bxf2 28. Bxf2 Rxf2 29. Kg3 Rc2 30. Rd3 Bd5 31. Kf4 Kf6 32. g4 Rf2 33. h4 b5 34.
Kg3 Rxf3+ 35. Rxf3+ Bxf3 36. Kxf3 c5 37. Ke4 c6 38. Kf4 a5 39. Ke4 a4 40. Kd3
Ke5 41. Ke3 b4 42. Kd2 b3 0-1

[Event "Magnus Carlsen Inv KO"]
[Site "chess24.com INT"]
[Date "2021.03.17"]
[Round "1.21"]
[White "Vachier-Lagrave, Maxime"]
[Black "Giri, Anish"]
[Result "1/2-1/2"]
[WhiteTitle "GM"]
[BlackTitle "GM"]
[WhiteElo "2758"]
[BlackElo "2776"]
[WhiteFideId "623539"]
[BlackFideId "24116068"]
[EventDate "2021.03.16"]

1. e4 c5 2. Nf3 d6 3. d4 cxd4 4. Nxd4 Nf6 5. Nc3 a6 6. Be2 e5 7. Nb3 Be7 8. O-O
O-O 9. Qd3 Be6 10. Bd2 Re8 11. Nd5 Nxd5 12. exd5 Bc8 13. a4 a5 14. f4 Nd7 15.
Qe3 exf4 16. Qxf4 Ne5 17. Bb5 Rf8 18. Rae1 Bf6 19. Nd4 Ng4 20. Ne6 fxe6 21. Qxg4
e5 22. Qg3 Bd7 23. Qb3 Qb6+ 24. Be3 Qc7 25. Bd3 Rae8 26. Bb6 Qc8 27. Qa3 Qb8 28.
Be4 Bd8 29. Be3 Bh4 30. g3 Be7 31. Qd3 h6 32. Qd2 b5 33. Bxh6 bxa4 34. Bg5 Bh3
35. Rxf8+ Rxf8 36. Bxe7 Qa7+ 37. Kh1 Qxe7 38. Bg2 Bxg2+ 39. Kxg2 Qb7 40. Qxa5
Ra8 41. Qc3 Rc8 42. Qd3 Qxb2 43. Re2 Qb7 44. c4 Ra8 45. Qa3 Qb6 46. Rf2 Qc7 47.
Rc2 Qb6 48. Rf2 Qc7 49. Rc2 Qb6 50. Rf2 1/2-1/2

[Event "Magnus Carlsen Inv KO"]
[Site "chess24.com INT"]
[Date "2021.03.17"]
[Round "1.22"]
[White "Carlsen, Magnus"]
[Black "Aronian, Levon"]
[Result "1/2-1/2"]
[WhiteTitle "GM"]
[BlackTitle "GM"]
[WhiteElo "2847"]
[BlackElo "2781"]
[WhiteFideId "1503014"]
[BlackFideId "13300474"]
[EventDate "2021.03.16"]

1. e4 e5 2. Nf3 Nc6 3. Nc3 Nf6 4. d4 exd4 5. Nxd4 Bb4 6. Nxc6 bxc6 7. Bd3 d5 8.
exd5 cxd5 9. O-O O-O 10. Bg5 Be6 11. Nb5 c5 12. a3 Ba5 13. b4 Bb6 14. bxc5 Bxc5
15. c3 h6 16. Bh4 Rc8 17. Nd4 Bxd4 18. cxd4 g5 19. Bg3 Ne4 20. Qa4 Nxg3 21. hxg3
Rc3 22. Qd1 Qf6 23. Qd2 Rfc8 24. Rfe1 Bf5 25. Bxf5 Qxf5 26. Re5 Qd3 27. Qxd3
Rxd3 28. Rxd5 Rc2 29. Ra5 Rxd4 30. Rxa7 Rdd2 31. Rf1 Ra2 32. a4 Kg7 33. Ra5 Rd4
34. Re1 Rdxa4 35. Rxa4 Rxa4 36. f3 g4 37. fxg4 Rxg4 38. Kf2 Rg5 39. Re4 Kg6 40.
g4 Ra5 41. Kg3 1/2-1/2

[Event "Magnus Carlsen Inv KO"]
[Site "chess24.com INT"]
[Date "2021.03.17"]
[Round "1.22"]
[White "Giri, Anish"]
[Black "Vachier-Lagrave, Maxime"]
[Result "1-0"]
[WhiteTitle "GM"]
[BlackTitle "GM"]
[WhiteElo "2776"]
[BlackElo "2758"]
[WhiteFideId "24116068"]
[BlackFideId "623539"]
[EventDate "2021.03.16"]

1. e4 c5 2. Nf3 d6 3. d4 cxd4 4. Nxd4 Nf6 5. Nc3 Nc6 6. Bg5 e6 7. Qd2 a6 8.
O-O-O Bd7 9. f3 Nxd4 10. Qxd4 Be7 11. Kb1 Qc7 12. Qd2 b5 13. g4 h5 14. gxh5 Nxh5
15. h4 b4 16. Ne2 a5 17. c3 f6 18. Be3 e5 19. Bh3 Bxh3 20. Rxh3 Qc4 21. cxb4
axb4 22. b3 Qe6 23. Rh2 f5 24. Bg5 fxe4 25. fxe4 O-O 26. Bxe7 Qxe7 27. Qxb4 Qa7
28. Nc3 Nf6 29. Qxd6 Qe3 30. Qd3 Qc5 31. Nd5 Kh8 32. Nxf6 Rxf6 33. h5 Raa6 34.
Rc2 Qa3 35. Qg3 Qe7 36. Rdc1 Rf4 37. Rc8+ Kh7 38. R8c6 Rxc6 39. Rxc6 Qd7 40. Rc1
Rg4 41. Qxe5 Qd3+ 42. Ka1 Rg2 1-0

[Event "Magnus Carlsen Inv KO"]
[Site "chess24.com INT"]
[Date "2021.03.17"]
[Round "1.23"]
[White "Firouzja, Alireza"]
[Black "So, Wesley"]
[Result "0-1"]
[WhiteTitle "GM"]
[BlackTitle "GM"]
[WhiteElo "2759"]
[BlackElo "2770"]
[WhiteFideId "12573981"]
[BlackFideId "5202213"]
[EventDate "2021.03.16"]

1. d4 Nf6 2. Nc3 d5 3. Bf4 a6 4. e3 e6 5. g4 Bb4 6. Ne2 O-O 7. a3 Be7 8. g5 Nh5
9. h4 Nxf4 10. Nxf4 c5 11. Bd3 c4 12. Bxh7+ Kxh7 13. Qh5+ Kg8 14. g6 fxg6 15.
Nxg6 Rf5 16. Qh8+ Kf7 17. Qh7 Bf6 18. e4 dxe4 19. Nh8+ Ke7 20. O-O-O Nd7 21.
Nxe4 Nf8 22. Qg8 Qe8 23. h5 Nd7 24. Ng6+ Kd8 25. Qxe8+ Kxe8 26. Nd6+ Kd8 27.
Nxf5 exf5 28. f4 a5 29. d5 Ra6 30. Rhe1 Nc5 31. Ne5 Bd7 32. Rg1 Kc7 33. Nxc4 Ne4
34. Ne5 Kd6 35. h6 gxh6 36. Rg6 h5 37. Rh6 Be8 38. Rh7 b5 39. a4 Nf2 40. Rh6 Kc5
41. d6 Bxe5 42. fxe5 Nxd1 43. d7 Ra8 44. Rh8 Bxd7 45. Rxa8 Ne3 46. Ra6 Nc4 47.
e6 Be8 48. e7 bxa4 49. Ra8 Nd6 50. Rxa5+ Kb6 51. Ra8 h4 0-1

[Event "Magnus Carlsen Inv KO"]
[Site "chess24.com INT"]
[Date "2021.03.18"]
[Round "2.14"]
[White "Nepomniachtchi, Ian"]
[Black "Carlsen, Magnus"]
[Result "1/2-1/2"]
[WhiteTitle "GM"]
[BlackTitle "GM"]
[WhiteElo "2789"]
[BlackElo "2847"]
[WhiteFideId "4168119"]
[BlackFideId "1503014"]
[EventDate "2021.03.16"]

1. e4 c5 2. Nf3 d6 3. Bb5+ Nd7 4. O-O Nf6 5. Re1 a6 6. Bf1 b6 7. c4 Bb7 8. Nc3
Ne5 9. a3 e6 10. b4 Be7 11. Rb1 Qc7 12. d3 O-O 13. Nxe5 dxe5 14. bxc5 Bxc5 15.
Na4 Bd4 16. Be3 Bxe3 17. fxe3 b5 18. cxb5 axb5 19. Rxb5 Bc6 20. Rb4 Rfb8 21. Nb2
Rxa3 22. Rxb8+ Qxb8 23. Nc4 Ra8 24. Qc2 Nd7 25. Rb1 Qa7 26. Nb6 Nxb6 27. Qxc6
Nd7 28. d4 Nf6 29. Rb7 Qa3 30. Rb3 Qf8 31. dxe5 Rc8 32. Qa4 Ng4 33. Qd4 Rd8 34.
Qc3 Qe7 35. h3 Nh6 36. Qb2 g6 37. Rb8 Rxb8 38. Qxb8+ Kg7 39. Kf2 Qh4+ 40. Kf3
Ng8 41. Qd6 Qh5+ 42. Kf2 Qg5 43. g3 h5 44. h4 Qg4 45. Bg2 Nh6 46. Qd8 Kh7 47.
Qd7 g5 48. Bf3 Qh3 49. hxg5 Qh2+ 50. Kf1 Qxg3 51. Bxh5 Qxe3 52. g6+ Kg7 53. gxf7
Qh3+ 54. Ke1 Qh4+ 55. Kd2 Qxh5 56. Qxe6 Nxf7 57. Qf6+ Kg8 58. e6 Qh2+ 59. Kc3
Qc7+ 60. Kb2 Qb6+ 61. Ka1 Qa5+ 62. Kb1 Qb5+ 63. Ka1 Nd6 64. Qd8+ Ne8 65. Qd7
Qe5+ 66. Ka2 1/2-1/2

[Event "Magnus Carlsen Inv KO"]
[Site "chess24.com INT"]
[Date "2021.03.19"]
[Round "2.21"]
[White "So, Wesley"]
[Black "Giri, Anish"]
[Result "1/2-1/2"]
[WhiteTitle "GM"]
[BlackTitle "GM"]
[WhiteElo "2770"]
[BlackElo "2776"]
[WhiteFideId "5202213"]
[BlackFideId "24116068"]
[EventDate "2021.03.16"]

1. e4 c5 2. Nf3 d6 3. Bb5+ Nd7 4. Ba4 Nf6 5. O-O e6 6. Re1 a6 7. c4 Be7 8. Nc3
O-O 9. d4 cxd4 10. Nxd4 Qc7 11. Qe2 Ne5 12. Bb3 Ng6 13. Kh1 Re8 14. Be3 b6 15.
Ba4 Bd7 16. Bxd7 Nxd7 17. Rac1 Rac8 18. b3 Qb7 19. f3 Nf6 20. Bf2 Bf8 21. Qd2
Qb8 22. a4 h6 23. Nc2 Red8 24. Red1 Qb7 25. h3 Be7 26. Qe3 Qa8 27. Qd2 Qb7 28.
Rb1 d5 29. exd5 exd5 30. Nxd5 Nxd5 31. cxd5 Bg5 32. Ne3 Ne7 33. d6 Nf5 34. Qd5
Qxd5 35. Nxd5 Rc2 36. Ne7+ Nxe7 37. dxe7 Re8 38. Bxb6 Rxe7 39. b4 Ree2 40. Rg1
Ra2 41. a5 Be7 42. Bd4 Ra4 43. Bc3 Rc2 44. Rgc1 Rxc1+ 45. Rxc1 Bxb4 46. Bxb4
Rxb4 47. Rc8+ Kh7 48. Rc6 Ra4 49. Rxa6 h5 50. Ra8 h4 51. a6 Ra1+ 52. Kh2 Ra2 53.
a7 g5 54. Kg1 Kg7 55. Kf1 Kf6 56. Ke1 Kf5 57. Kf1 Kf4 58. Re8 Rxa7 59. Re4+ Kf5
60. Kg1 f6 61. Kh2 Rd7 62. Re3 Rc7 63. Re4 Rd7 64. Re3 Rc7 65. Re4 Rd7 1/2-1/2

[Event "Magnus Carlsen Inv KO"]
[Site "chess24.com INT"]
[Date "2021.03.19"]
[Round "2.22"]
[White "Carlsen, Magnus"]
[Black "Nepomniachtchi, Ian"]
[Result "0-1"]
[WhiteTitle "GM"]
[BlackTitle "GM"]
[WhiteElo "2847"]
[BlackElo "2789"]
[WhiteFideId "1503014"]
[BlackFideId "4168119"]
[EventDate "2021.03.16"]

1. d4 Nf6 2. c4 e6 3. Nc3 d5 4. cxd5 exd5 5. Bg5 Bb4 6. Qa4+ Nc6 7. e3 h6 8.
Bxf6 Qxf6 9. Ne2 O-O 10. a3 Bxc3+ 11. Nxc3 Ne7 12. Be2 c6 13. O-O Nf5 14. b4 Nh4
15. Kh1 Qg6 16. g3 Nf5 17. b5 h5 18. bxc6 bxc6 19. Rg1 h4 20. gxh4 Qf6 21. h5 c5
22. Nxd5 Bb7 23. Bf3 Bxd5 24. Bxd5 Rad8 25. Qc6 Qxc6 26. Bxc6 cxd4 27. Rg5 Ne7
28. Bf3 dxe3 29. fxe3 Rd3 30. Re5 Nc8 31. a4 Nd6 32. Rc1 Rb8 33. Kg2 Rbb3 34.
Rc6 Kf8 35. a5 f6 36. Re6 Nf5 37. h6 Nxh6 38. Rc8+ Kf7 39. Ra6 Rd2+ 40. Kg3 Nf5+
41. Kf4 Rf2 42. Rxa7+ Kg6 43. Rcc7 Kh6 44. Kxf5 Rxe3 45. Rc5 g6+ 46. Kg4 Rfxf3 0-1

[Event "Magnus Carlsen Inv KO"]
[Site "chess24.com INT"]
[Date "2021.03.19"]
[Round "2.32"]
[White "Carlsen, Magnus"]
[Black "Nepomniachtchi, Ian"]
[Result "0-1"]
[WhiteTitle "GM"]
[BlackTitle "GM"]
[WhiteElo "2847"]
[BlackElo "2789"]
[WhiteFideId "1503014"]
[BlackFideId "4168119"]
[EventDate "2021.03.16"]

1. d4 Nf6 2. c4 e6 3. Nc3 d5 4. cxd5 exd5 5. Bg5 Bb4 6. e3 h6 7. Bh4 g5 8. Bg3
Ne4 9. Ne2 h5 10. h3 Nxg3 11. Nxg3 h4 12. Nh5 c6 13. Be2 Nd7 14. Qb3 Bxc3+ 15.
Qxc3 Nf6 16. Nxf6+ Qxf6 17. b4 a6 18. a4 Bf5 19. b5 axb5 20. axb5 O-O 21. O-O
Qe6 22. Rfc1 cxb5 23. Qb3 Rxa1 24. Rxa1 Rc8 25. Bf3 Be4 26. Bxe4 Qxe4 27. Qxb5
Rc7 28. Qb6 Qe7 29. Qa5 Qd6 30. Rb1 Kg7 31. Qb5 b6 32. Qd3 Qe6 33. Qa6 Qd6 34.
Qe2 Qg6 35. Ra1 Qe4 36. Qb5 Qe6 37. Qb4 Rc4 38. Qb1 Qc6 39. Qf5 Rc1+ 40. Rxc1
Qxc1+ 41. Kh2 Qc7+ 42. g3 hxg3+ 43. Kg2 Qd8 44. Kxg3 b5 45. Qb1 Qd6+ 46. Kf3 b4
47. Qb3 Qf6+ 48. Kg2 Qd6 49. Kg1 f6 50. Kg2 Qb6 51. h4 gxh4 52. Kh3 Qb5 53. Kxh4
Kf7 54. Kg4 Ke6 55. Kf4 Qc4 56. Qa4 b3 57. Qe8+ Kd6 58. Qb8+ Kc6 59. Kf5 Qb5 60.
Qc8+ Kb6 61. Qb8+ Ka5 62. Qa7+ Kb4 63. Qa1 Qe2 64. Ke6 b2 65. Qa6 Qxa6+ 0-1

[Event "Magnus Carlsen Inv KO"]
[Site "chess24.com INT"]
[Date "2021.03.20"]
[Round "3.11"]
[White "Giri, Anish"]
[Black "Nepomniachtchi, Ian"]
[Result "1/2-1/2"]
[WhiteTitle "GM"]
[BlackTitle "GM"]
[WhiteElo "2776"]
[BlackElo "2789"]
[WhiteFideId "24116068"]
[BlackFideId "4168119"]
[EventDate "2021.03.16"]

1. e4 c5 2. Nf3 e6 3. c3 d5 4. exd5 Qxd5 5. d4 Nf6 6. Na3 Nc6 7. Be3 cxd4 8. Nb5
Qd8 9. Nbxd4 Nxd4 10. Bxd4 Be7 11. Bd3 O-O 12. Qc2 h6 13. O-O-O Qa5 14. Kb1 b5
15. Be4 Rb8 16. Ne5 Bb7 17. Bxb7 Rxb7 18. Rd3 Rc8 19. Rg3 b4 20. Nxf7 bxc3 21.
Nxh6+ Kf8 22. Rxc3 Rxc3 23. Bxc3 Qd5 24. Bxf6 Bxf6 25. Qc8+ Bd8 26. Ng4 Rc7 27.
Qb8 Kf7 28. Ne3 Qd3+ 29. Ka1 Qd6 30. Qb3 Bf6 31. Rb1 a5 32. a4 Qd7 33. Ka2 Rb7
34. Qc2 Kg8 35. b3 Rc7 36. Nc4 Rc5 37. Rd1 Qc6 38. f3 Kh8 39. h3 Rd5 40. Rxd5
exd5 41. Ne3 Qe6 42. Ng4 Bd4 43. Qd3 Bc5 44. f4 Qe1 45. Qxd5 Qc3 46. Qh5+ Kg8
47. Qe8+ Kh7 48. Qe4+ Kh8 49. Qa8+ Kh7 50. Qe4+ Kh8 51. Qa8+ Kh7 52. Qe4+ 1/2-1/2

[Event "Magnus Carlsen Inv KO"]
[Site "chess24.com INT"]
[Date "2021.03.20"]
[Round "3.12"]
[White "Nepomniachtchi, Ian"]
[Black "Giri, Anish"]
[Result "1/2-1/2"]
[WhiteTitle "GM"]
[BlackTitle "GM"]
[WhiteElo "2789"]
[BlackElo "2776"]
[WhiteFideId "4168119"]
[BlackFideId "24116068"]
[EventDate "2021.03.16"]

1. e4 c5 2. Nf3 d6 3. d4 cxd4 4. Nxd4 Nf6 5. Nc3 a6 6. Bg5 e6 7. f4 Qb6 8. Qd2
Qxb2 9. Rb1 Qa3 10. f5 Nc6 11. fxe6 Bxe6 12. Rxb7 Nxd4 13. Qxd4 Be7 14. Bd3 h6
15. Bd2 Qc5 16. Ne2 Qxd4 17. Nxd4 Bc8 18. Rb1 O-O 19. Nf5 Bxf5 20. exf5 d5 21.
Be3 Ng4 22. Bd4 Rfe8 23. O-O Bf6 24. Bxf6 Nxf6 25. Rb4 a5 26. Rd4 Reb8 27. a3
Kf8 28. Re1 Re8 29. Rb1 Rab8 30. Rxb8 Rxb8 31. Ra4 Ra8 32. c4 Ke7 33. cxd5 Kd6
34. Kf2 Kxd5 35. Bc4+ Ke5 36. Bxf7 Kxf5 37. Kf3 Ra7 38. Ba2 Ke5 39. h4 g5 40.
hxg5 hxg5 41. Rc4 g4+ 42. Kf2 Rb7 43. Rc2 Kf4 44. g3+ Ke5 45. Ke3 Ne4 46. Rc4
Nxg3 47. Rxg4 Nf5+ 48. Kd3 Rd7+ 49. Kc3 Rc7+ 50. Rc4 Rxc4+ 51. Kxc4 Ne3+ 52. Kb5
Nc2 53. a4 Nb4 54. Bb3 Nd5 55. Bxd5 Kxd5 56. Kxa5 Kc5 57. Ka6 Kc6 58. a5 Kc7 59.
Ka7 Kc8 60. a6 Kc7 61. Ka8 Kc8 62. a7 Kc7 1/2-1/2

[Event "Magnus Carlsen Inv KO"]
[Site "chess24.com INT"]
[Date "2021.03.20"]
[Round "3.12"]
[White "So, Wesley"]
[Black "Carlsen, Magnus"]
[Result "1/2-1/2"]
[WhiteTitle "GM"]
[BlackTitle "GM"]
[WhiteElo "2770"]
[BlackElo "2847"]
[WhiteFideId "5202213"]
[BlackFideId "1503014"]
[EventDate "2021.03.16"]

1. e4 e5 2. Nf3 Nc6 3. Bb5 a6 4. Ba4 Nf6 5. O-O Be7 6. Re1 b5 7. Bb3 O-O 8. a4
Bb7 9. d3 Re8 10. Bg5 h6 11. Bh4 d6 12. Nc3 Na5 13. Ba2 b4 14. Bxf6 Bxf6 15. Nd5
Bxd5 16. Bxd5 c6 17. Ba2 Rb8 18. Nd2 Bg5 19. Nb3 Nxb3 20. Bxb3 a5 21. g3 Qd7 22.
Qh5 Rf8 23. Rad1 Rbe8 24. h4 Bd8 25. d4 exd4 26. Rxd4 Bb6 27. Rdd1 Qa7 28. Qf3
Bc5 29. Kg2 Re5 30. Re2 Qe7 31. Rde1 Re8 32. Bc4 Qf6 33. Qxf6 gxf6 34. f4 R5e7
35. Kf3 Kg7 36. g4 Bd4 37. Rd1 Bc5 38. Rdd2 Kf8 39. b3 Kg7 40. Bd3 d5 41. exd5
Re3+ 42. Rxe3 Rxe3+ 43. Kg2 cxd5 44. Bf5 d4 45. Bd3 Bd6 46. Rf2 Bc7 47. Rf3 Re1
48. h5 Re3 49. Rxe3 dxe3 50. Kf3 Bb6 51. Ke4 Bc5 52. Kd5 Bb6 53. Kc6 Bd8 54. Kd7
Bb6 55. Kc6 Bd8 56. Kd7 Bb6 57. Kc6 1/2-1/2

[Event "Magnus Carlsen Inv KO"]
[Site "chess24.com INT"]
[Date "2021.03.20"]
[Round "3.13"]
[White "Giri, Anish"]
[Black "Nepomniachtchi, Ian"]
[Result "1/2-1/2"]
[WhiteTitle "GM"]
[BlackTitle "GM"]
[WhiteElo "2776"]
[BlackElo "2789"]
[WhiteFideId "24116068"]
[BlackFideId "4168119"]
[EventDate "2021.03.16"]

1. e4 c5 2. Nf3 e6 3. d4 cxd4 4. Nxd4 Nc6 5. Nc3 Qc7 6. Be3 a6 7. Nxc6 Qxc6 8.
Be2 b5 9. e5 Bb7 10. Bf3 Qc7 11. Bxb7 Qxb7 12. Qd3 Bb4 13. O-O Bxc3 14. Qxc3 Ne7
15. Bc5 Rc8 16. b4 O-O 17. a4 Rfe8 18. axb5 axb5 19. Qd3 Nd5 20. f4 Ra8 21. Rxa8
Rxa8 22. f5 f6 23. exf6 Nxf6 24. Bd4 Rf8 25. fxe6 dxe6 26. Qg3 Nd5 27. Rxf8+
Kxf8 28. Bc5+ Kg8 29. Qe5 Qd7 30. Qd4 Nf6 31. c4 bxc4 32. Qxc4 Qd1+ 33. Qf1 Qc2
34. Qf2 Qb1+ 35. Qf1 Qc2 36. Qf2 Qb1+ 37. Qf1 Qc2 1/2-1/2

[Event "Magnus Carlsen Inv KO"]
[Site "chess24.com INT"]
[Date "2021.03.20"]
[Round "3.13"]
[White "Carlsen, Magnus"]
[Black "So, Wesley"]
[Result "1/2-1/2"]
[WhiteTitle "GM"]
[BlackTitle "GM"]
[WhiteElo "2847"]
[BlackElo "2770"]
[WhiteFideId "1503014"]
[BlackFideId "5202213"]
[EventDate "2021.03.16"]

1. e4 e5 2. Nf3 Nc6 3. Nc3 Nf6 4. h3 Bb4 5. Nd5 Nxd5 6. exd5 e4 7. dxc6 exf3 8.
Qxf3 dxc6 9. Bc4 Qe7+ 10. Kd1 O-O 11. Re1 Be6 12. Re2 Bc5 13. d3 Qh4 14. Qf4 Qh5
15. Qg5 Qxg5 16. Bxg5 Bxc4 17. dxc4 Rfe8 18. c3 Kf8 19. Bf4 Rad8+ 20. Ke1 Bd6
21. Be3 a6 22. c5 Be5 23. Rd1 f5 24. Rxd8 Rxd8 25. Bd2 Re8 26. Kd1 Kf7 27. Kc2
Bf6 28. Rxe8 Kxe8 29. Bf4 Kd7 30. Kd3 h5 31. f3 g6 32. g4 Be7 33. gxf5 gxf5 34.
Kd4 Bf6+ 35. Be5 Bd8 36. Bf4 Bf6+ 37. Be5 Bd8 38. Bf4 Bf6+ 1/2-1/2

[Event "Magnus Carlsen Inv KO"]
[Site "chess24.com INT"]
[Date "2021.03.20"]
[Round "3.14"]
[White "Nepomniachtchi, Ian"]
[Black "Giri, Anish"]
[Result "1/2-1/2"]
[WhiteTitle "GM"]
[BlackTitle "GM"]
[WhiteElo "2789"]
[BlackElo "2776"]
[WhiteFideId "4168119"]
[BlackFideId "24116068"]
[EventDate "2021.03.16"]

1. e4 c5 2. Nf3 d6 3. d4 cxd4 4. Nxd4 Nf6 5. Nc3 a6 6. Bg5 e6 7. f4 Qb6 8. Qd2
Qxb2 9. Rb1 Qa3 10. f5 Nc6 11. fxe6 Bxe6 12. Rxb7 Nxd4 13. Qxd4 Be7 14. Bc4 Rc8
15. Nd5 Bxd5 16. Bxd5 Nxd5 17. Qxd5 Qc3+ 18. Ke2 Qxc2+ 19. Bd2 Rc5 20. Rc1 Qxc1
21. Bxc1 Rxd5 22. exd5 h5 23. g3 h4 24. g4 f5 25. Kf3 fxg4+ 26. Kxg4 Rf8 27. Bf4
g6 28. Rb8+ Kf7 29. Rb6 Rc8 30. Rxa6 Rc4 31. Kf3 g5 32. Bxd6 Bxd6 33. Rxd6 g4+
34. Ke3 Rc2 35. Kf4 Rxa2 36. Kxg4 Rxh2 37. Rh6 Ke7 38. Rxh4 Rxh4+ 39. Kxh4 Kd6
40. Kh3 Kxd5 1/2-1/2